| 000 | 00595 a2200217 4500 | ||
|---|---|---|---|
| 001 | sjds | ||
| 003 | sjds | ||
| 005 | 20240627081715.0 | ||
| 008 | 240627b |||||||| |||| 00| 0 spa d | ||
| 020 | _a9788434847279 | ||
| 020 | _a8434847272 | ||
| 040 | _csjds | ||
| 041 | _aspa | ||
| 100 | _aGisbert, Joan Manuel. | ||
| 245 |
_aLa Sonambula en la Ciudad-Laberinto / _cJoan Manuel Gisbert. |
||
| 260 |
_aMadrid : _b Ediciones SM, _c2001. |
||
| 300 |
_a124 pages ; _c19 cm. |
||
| 440 |
_aBarco de vapor., Serie roja ; _n87. |
||
| 500 | _a"A partir de 12 anos"--Page 4 of cover. | ||
| 942 | _cBK | ||
| 999 |
_c7926 _d7926 |
||